000
00272nam a22001097a 4500
082
_a
671.823 NEU'S
100
_a
NEUNDORF, WILLIAM,STEVENSON, CLAUDE
_9
57025
245
_a
SHEET METAL PRACTICE PART-1
260
_a
NEWYORK
_b
MCGRAW HILL
_c
1962
300
_a
80P
942
_c
BK
999
_c
567337
_d
567337